[Event "Buenos Aires ol (Men)"]
[Site "Buenos Aires"]
[Date "1978.??.??"]
[Round "?"]
[White "Midjord, Joan Paetur"]
[Black "Woodhams, Michael"]
[Result "0-1"]
[WhiteElo "2200"]
[BlackElo "2385"]

1.e4 c5 2.Nf3 e6 3.d4 cxd4 4.Nxd4 a6 5.Bd3 Nf6 6.O-O Qc7 7.c4 d6 8.Be3 Nbd7
9.Nd2 g6 10.Rc1 Bg7 11.b4 b6 12.N2b3 O-O 13.a4 Ne5 14.f3 Bd7 15.b5 a5 16.Be2 Bc8
17.f4 Ned7 18.Bf3 Bb7 19.Nc6 Bxc6 20.bxc6 Nc5 21.e5 dxe5 22.fxe5 Qxe5 23.Bd4 Qg5
24.Re1 Rad8 25.c7 Nxb3 26.cxd8=Q Rxd8 27.Qxb3 Rxd4 28.Qxb6 Ng4 29.Rcd1 Qf4
30.Bxg4 Qxg4 31.Qb8+ Bf8 32.Rxd4 Qxd4+ 33.Kh1 Qxc4 34.Qb5 Qc3 35.Rf1 Qc7
36.h3 Bb4 37.Rd1 Kg7 38.Qe2 Qg3 39.Qb2+ Bc3 40.Qb3 Qe5 41.Qb5 Qf6 42.Rf1 Qe7
43.Rd1 Qf6 44.Rf1 Qe7 45.Rd1 e5 46.Qc6 Bd4 47.Rb1 Bf2 48.Qf3 Bd4 49.Qc6 e4
50.Qd5 Bf2 51.Rb5 e3 52.Qe5+ Qxe5 53.Rxe5 f6 54.Re7+ Kf8 55.Re4 f5 56.Re5 f4
57.Re4 Kg7 58.Kh2 g5 59.Re5 Kf6 60.Re4 h5 61.Re8 g4 62.Re4 Kf5 63.Re8 f3  0-1

[Event "Buenos Aires ol (Men)"]
[Site "Buenos Aires"]
[Date "1978.??.??"]
[Round "?"]
[White "Garcia Martinez, Silvino"]
[Black "Lombardy, William James"]
[Result "1-0"]
[WhiteElo "2275"]
[BlackElo "2540"]

1.e4 c5 2.Nf3 e6 3.d4 cxd4 4.Nxd4 a6 5.Bd3 g6 6.O-O Bg7 7.Be3 Ne7 8.Nc3 O-O
9.Qd2 d6 10.Nde2 Bd7 11.Bh6 Nbc6 12.Bxg7 Kxg7 13.Ng3 Qb6 14.Kh1 Rad8 15.Rae1 Qxb2
16.Rb1 Qa3 17.Rxb7 Bc8 18.Rb3 Qa5 19.Be2 d5 20.Qg5 d4 21.Nh5+ Kg8 22.Nf6+ Kg7
23.Nb5 Ng8 24.e5 h6 25.Rh3 Nce7 26.Na7 Bb7 27.Rxh6 Nxh6 28.Nh5+ Kh7 29.Qxe7 Qxe5
30.Qxb7 Qxe2 31.Ng3 Qxc2 32.Nc6 Rd6 33.Qe7 Rxc6 34.Qxf8 Qc5 35.Qe8 Rc7 36.Qb8 Rc6
37.Kg1 Qg5 38.Re1 Rc1 39.Qb4 Rxe1+ 40.Qxe1 Kg7 41.Ne4 Qh5 42.Nd6 Qd5 43.Qb4 d3
44.Ne8+ Kh7 45.Nf6+  1-0

[Event "Buenos Aires ol (Men)"]
[Site "Buenos Aires"]
[Date "1978.??.??"]
[Round "?"]
[White "Frias, Victor J"]
[Black "Unzicker, Wolfgang"]
[Result "1/2-1/2"]
[WhiteElo "2390"]
[BlackElo "2525"]

1.e4 c5 2.Nf3 e6 3.d4 cxd4 4.Nxd4 a6 5.Bd3 g6 6.O-O Bg7 7.Nb3 Ne7 8.c4 O-O
9.Nc3 Nbc6 10.Bf4 d5 11.exd5 exd5 12.Re1 d4 13.Ne4 Ne5 14.Bg5 h6 15.Bf6 Bf5
16.Bxg7 Kxg7 17.Ng3  1/2-1/2

[Event "Buenos Aires ol (Men)"]
[Site "Buenos Aires"]
[Date "1978.??.??"]
[Round "?"]
[White "Rodriguez, Amador"]
[Black "Darga, Klaus"]
[Result "1-0"]
[WhiteElo "2470"]
[BlackElo "2510"]

1.e4 c5 2.Nf3 e6 3.d4 cxd4 4.Nxd4 a6 5.Bd3 Nf6 6.O-O d6 7.c4 Be7 8.Nc3 O-O
9.Kh1 Nbd7 10.f4 Re8 11.Qe2 Nf8 12.Nf3 N6d7 13.Bd2 Ng6 14.Qf2 b6 15.Rae1 Bb7
16.a3 Rc8 17.b4 Rf8 18.Ne2 Nf6 19.Ng3 e5 20.fxe5 Ng4 21.Qe2 N6xe5 22.Nxe5 Nxe5
23.Nf5 Re8 24.Bc3 Bf8 25.Qf2 Qc7 26.Re3 Re6 27.Bxe5 Rxe5 28.Rh3 h6 29.Qf4 Rce8
30.Rg3 g6 31.Nxh6+ Bxh6 32.Qxh6 Bc8 33.c5 bxc5 34.Bc4 Be6 35.Rxg6+  1-0

[Event "Buenos Aires ol (Men)"]
[Site "Buenos Aires"]
[Date "1978.??.??"]
[Round "?"]
[White "Wedberg, Tom"]
[Black "Darga, Klaus"]
[Result "1-0"]
[WhiteElo "2360"]
[BlackElo "2510"]

1.e4 c5 2.Nf3 e6 3.d4 cxd4 4.Nxd4 a6 5.Bd3 Nf6 6.O-O d6 7.f4 Be7 8.Kh1 Qc7
9.Nd2 Nbd7 10.Qe1 b6 11.N2f3 Bb7 12.e5 Nd5 13.f5 Nxe5 14.fxe6 O-O 15.Nxe5 dxe5
16.exf7+ Kh8 17.Ne6 Qc6 18.Qe4 Nf6 19.Qxc6 Bxc6 20.Nxf8 Rxf8 21.Bc4 Nd5 22.Bd2 Bf6
23.Rae1 b5 24.Bxd5 Bxd5 25.Bc3 Bc4 26.Bxe5 Rxf7 27.Bxf6 gxf6 28.Rf3 Bxa2
29.b3  1-0

[Event "Buenos Aires ol (Men)"]
[Site "Buenos Aires"]
[Date "1978.??.??"]
[Round "?"]
[White "Zapata, Alonso"]
[Black "Silva Sanchez, Carlos"]
[Result "1-0"]
[WhiteElo "2355"]
[BlackElo "2395"]

1.e4 c5 2.Nf3 e6 3.d4 cxd4 4.Nxd4 a6 5.Bd3 Nf6 6.O-O d6 7.Qe2 Nbd7 8.c4 b6
9.Nc3 Bb7 10.f4 Be7 11.b3 O-O 12.Kh1 Qc7 13.Bb2 Rfe8 14.Rac1 Bf8 15.Nf3 e5
16.f5 Bc6 17.Nd2 Qb7 18.b4 b5 19.cxb5 axb5 20.a3 d5 21.Bxb5 dxe4 22.Bxc6 Qxc6
23.Ndxe4 Qb6 24.Rfd1 g6 25.fxg6 hxg6 26.Rc2 Nxe4 27.Nxe4 Nf6 28.Rf1 Nxe4
29.Qxe4 Qb5 30.Rcf2 f5 31.Qf3 Ra6 32.Rd1 Qc4 33.Rfd2 Rae6 34.Rc1 Qh4 35.Rd7 e4
36.Qc3 Qh6 37.Qc4 e3 38.Re1 f4 39.b5 g5 40.Kg1 g4 41.g3 fxg3 42.hxg3 Re7
43.Rd4 Rf7 44.Rxg4+ Bg7 45.Bc3 e2 46.Qc8+ Kh7 47.Kg2 Bf8 48.Qc4 Qe3 49.Rh1+ Bh6
50.Rxh6+ Qxh6 51.Rh4 Qxh4 52.Qxh4+ Rh6 53.Qe4+ Rg6 54.Qxe2  1-0

[Event "ARG-ch"]
[Site "Buenos Aires"]
[Date "1978.??.??"]
[Round "?"]
[White "Hase, Juan C"]
[Black "Grinberg, Ricardo"]
[Result "1-0"]
[WhiteElo "2410"]
[BlackElo "2405"]

1.e4 c5 2.Nf3 e6 3.d4 cxd4 4.Nxd4 a6 5.Bd3 Nf6 6.O-O d6 7.Qe2 g6 8.c3 Bg7
9.f4 Qc7 10.Nd2 O-O 11.N2f3 e5 12.Nc2 Nc6 13.Kh1 Bg4 14.Ne3 exf4 15.Nxg4 Nxg4
16.Bxf4 Nge5 17.Rad1 Rad8 18.Bc2 Na5 19.Rd5 Nac4 20.Bb3 Rfe8 21.Ng5 Rd7 22.Bxe5 Nxe5
23.Rxe5 Bxe5 24.Bxf7+ Rxf7 25.Rxf7 Qd8 26.Qd2 d5 27.Rxb7 dxe4 28.Rd7 Qa5
29.a4 Qc5 30.Rd8 Qf8 31.Qd5+ Kg7 32.Ne6+  1-0

[Event "ARG-ch"]
[Site "Buenos Aires"]
[Date "1978.??.??"]
[Round "?"]
[White "Grinberg, Ricardo"]
[Black "Giardelli, Sergio C"]
[Result "1-0"]
[WhiteElo "2405"]
[BlackElo "2315"]

1.e4 c5 2.Nf3 e6 3.d4 cxd4 4.Nxd4 a6 5.Bd3 g6 6.Be3 Bg7 7.Nc3 d6 8.Qd2 Nc6
9.Be2 Nf6 10.Rd1 d5 11.exd5 exd5 12.Nxc6 bxc6 13.Bc5 Be6 14.O-O Nd7 15.Ba3 Bf8
16.Bxf8 Kxf8 17.Na4 Kg7 18.Qc3+ Qf6 19.Qxc6 Rhc8 20.Qd6 Rxc2 21.Bd3 Rcc8
22.Rfe1 Rd8 23.b3 Rac8 24.Qb4 Ne5 25.Bxa6 Rc2 26.Qd4 Bg4 27.Rd2 Rxa2 28.f4 Rxd2
29.Qxd2 Nc6 30.h3 Bf5 31.Nc5 Nd4 32.Be2 Ne6 33.Nxe6+ Qxe6 34.Qd4+ Qf6 35.Rd1 Be4
36.Kf2 Rb8 37.b4 Ra8 38.Qxf6+ Kxf6 39.Rd2 Ra3 40.Rb2 d4 41.b5 Ra7 42.b6 Rb7
43.Ba6 Rb8 44.b7 Kf5 45.g3 Kf6 46.Rb5 h5 47.Rb4 Kf5 48.Rb5+ Kf6 49.g4 hxg4
50.hxg4 d3 51.Ke3 Bg2 52.Rb2 Bf1 53.Bxd3  1-0

[Event "Buenos Aires ol (Women)"]
[Site "Buenos Aires"]
[Date "1978.??.??"]
[Round "?"]
[White "Palasto, Marjatta"]
[Black "Patino, Robert"]
[Result "1/2-1/2"]
[WhiteElo "2000"]
[BlackElo "2000"]

1.e4 c5 2.Nf3 e6 3.d4 cxd4 4.Nxd4 a6 5.Bd3 Nf6 6.Be3 Qc7 7.Nd2 d5 8.O-O dxe4
9.Nxe4 Nbd7 10.f4 Nxe4 11.Bxe4 Nf6 12.Bd3 Bc5 13.c3 O-O 14.Qf3 Bd7 15.Rae1 Rac8
16.Kh1 Rfd8 17.Bc2 b5 18.a3 Be8 19.Bf2 Qa7 20.Re2 a5 21.b4 Bb6 22.Rd1 Nd5
23.Rd3 Qc7 24.Bg3 Qa7 25.f5 axb4 26.axb4 Nxc3 27.Rxc3 Qa1+ 28.Be1 Bxd4 29.Ra3 Qc1
30.Be4 Bc3 31.Rxc3 Rxc3 32.Qxc3 Qf4 33.Qf3 Qc1 34.h3 Rd1 35.Qg3 Qc4 36.f6 g6
37.Bf3 Qxb4 38.Kh2 Qc5 39.Rxe6 fxe6 40.Bxd1 Qd4 41.Qf3 Kf7 42.Bc3 Qd6+ 43.g3 e5
44.Bb3+ Kf8 45.Qf2 Bf7 46.Bc2 b4 47.Bd2 b3 48.Bh6+ Ke8 49.Be4 Qd4 50.Bc6+ Kd8
51.Qxd4+ exd4 52.Bc1 d3 53.Bb5 d2 54.Bxd2 b2 55.Bd3 Ba2 56.Bc3 b1=Q 57.Bxb1 Bxb1
58.g4 Ke8 59.Kg3 Kf7 60.Kf4 Bd3 61.Kg5 Bf1 62.h4 Be2 63.Kf4 Bd1  1/2-1/2

[Event "Buenos Aires ol (Women)"]
[Site "Buenos Aires"]
[Date "1978.??.??"]
[Round "?"]
[White "Hund, Barbara"]
[Black "Santoy, C."]
[Result "1-0"]
[WhiteElo "2075"]
[BlackElo "2000"]

1.e4 c5 2.Nf3 e6 3.d4 cxd4 4.Nxd4 a6 5.Bd3 Nf6 6.O-O Qc7 7.Be3 Nc6 8.Kh1 b5
9.f4 d6 10.Nd2 Bb7 11.Qf3 Be7 12.Rae1 O-O 13.c3 Rac8 14.Qg3 Kh8 15.N2f3 Na5
16.Ng5 Qd7 17.e5 Nh5 18.Qh3 g6 19.Nxh7 Kxh7 20.Qxh5+ Kg7 21.Qg4 dxe5 22.fxe5 Nc4
23.Bh6+ Kxh6 24.Rxf7 Bxg2+ 25.Qxg2 Qd5 26.Be4 Qxe4 27.Rxe4 Rxf7 28.Nxe6 Rf5
29.Nf4 Bg5 30.Qh3+ Kg7 31.Ne6+  1-0

[Event "Buenos Aires ol (Women)"]
[Site "Buenos Aires"]
[Date "1978.??.??"]
[Round "?"]
[White "Krumova, Velichka"]
[Black "Patino, Robert"]
[Result "1-0"]
[WhiteElo "2000"]
[BlackElo "2000"]

1.e4 c5 2.Nf3 e6 3.d4 cxd4 4.Nxd4 a6 5.Bd3 Nf6 6.O-O d6 7.c4 Be7 8.Nc3 O-O
9.Kh1 b6 10.f4 e5 11.Nf5 Nc6 12.Nxe7+ Nxe7 13.f5 Nd7 14.Qg4 f6 15.Rf3 Nc5
16.Bc2 g5 17.h4 h6 18.hxg5 hxg5 19.Rh3 Rf7 20.b4 Nb7 21.Qh5 Kf8 22.Bb3 Rg7
23.Qh8+ Ng8 24.Rh6 d5 25.Nxd5 Nd6 26.Rxf6+ Nf7 27.Bb2 Qxf6 28.Qxg8+ Rxg8
29.Nxf6 Rh8+ 30.Kg1 Kg7 31.Nd5 Rh6 32.Rd1 Bb7 33.Kf2 Rd8 34.Rc1 Rh4 35.Kf3 Rh6
36.c5 bxc5 37.Rxc5 Rc6 38.Rxc6 Bxc6 39.Ke3 Rd7 40.Bc3 Bb5 41.a4 Bf1 42.Kf2 Bd3
43.Ke3 Bf1 44.g3 Rd6 45.Bd1 Bc4 46.Bh5 Bxd5 47.exd5 Rxd5 48.Ke4 Rd8 49.Bxf7 Kxf7
50.Bxe5 Rd1 51.Bd4 Rc1 52.Kd5 g4 53.b5 axb5 54.axb5  1-0

[Event "Wch U20"]
[Site "Graz"]
[Date "1978.??.??"]
[Round "2"]
[White "Restrepo, G."]
[Black "Pacis, Adrian"]
[Result "1-0"]
[WhiteElo "2200"]
[BlackElo "2200"]

1.e4 c5 2.Nf3 e6 3.d4 cxd4 4.Nxd4 a6 5.Bd3 Nc6 6.Nxc6 dxc6 7.O-O e5 8.Nd2 Nf6
9.Nc4 Qc7 10.Be3 b5 11.Nb6 Rb8 12.Nxc8 Qxc8 13.a4 Ng4 14.Bg5 Qe6 15.axb5 cxb5
16.h3 Nf6 17.c4 Bb4 18.cxb5 a5 19.Rc1 Rc8 20.Rxc8+ Qxc8 21.Qf3 Nd7 22.Rc1 Qb7
23.Qg3 f6 24.Be3 O-O 25.Qg4 Kh8 26.Qe6 h6 27.Bc4 Nc5 28.Qd5 Qe7 29.Ba2 Na4
30.b6 Rb8 31.Rc7 Qe8 32.b7 Nxb2 33.Qe6 Qxe6 34.Bxe6  1-0

[Event "Wch U20"]
[Site "Graz"]
[Date "1978.??.??"]
[Round "5"]
[White "Ristic, Nenad"]
[Black "Foisor, Ovidiu"]
[Result "1/2-1/2"]
[WhiteElo "2200"]
[BlackElo "2310"]

1.e4 c5 2.Nf3 e6 3.d4 cxd4 4.Nxd4 a6 5.Bd3 g6 6.O-O Bg7 7.Nf3 Nc6 8.c4 Nge7
9.Nc3 O-O 10.Bf4 d5 11.e5 Nb4 12.Be2 dxc4 13.Bxc4 Nbd5 14.Bxd5 exd5 15.Bg5 f6
16.exf6 Bxf6 17.Bxf6 Rxf6 18.Re1 Be6 19.Qe2 Nc6 20.Ng5 Bf7 21.Rad1 d4 22.Nce4 Rf5
23.Nxf7 Kxf7 24.Rd3 Qd7 25.Rf3 Kg7 26.Rxf5 Qxf5 27.Nd6 Qd7 28.Ne8+ Kf8 29.Nf6 Qf7
30.Ng4 Qxa2 31.Qd2 Qf7 32.h3 Kg7 33.Qh6+ Kh8 34.Re4 Rf8 35.Qd2 Qg7 36.Qe2 d3
37.Qxd3 Qxb2 38.Re2 Qg7 39.Qd5 h5 40.Ne5 Nxe5 41.Rxe5 Qf6 42.Qd4 Kh7 43.g4  1/2-1/2

[Event "Halle 12th (Women)"]
[Site "Halle"]
[Date "1978.??.??"]
[Round "3"]
[White "Porubszky Angyalosine, Maria A"]
[Black "Broeder, Iris"]
[Result "1/2-1/2"]
[WhiteElo "2155"]
[BlackElo "2000"]

1.e4 c5 2.Nf3 e6 3.d4 cxd4 4.Nxd4 a6 5.Bd3 Qc7 6.O-O Nf6 7.Qe2 d6 8.c4 Be7
9.Nc3 Nbd7 10.f4 O-O 11.Be3 Nc5 12.Bc2 Rd8 13.Rac1 e5 14.Nf5 Bxf5 15.exf5 Rac8
16.g4 d5 17.Nxd5 Nxd5 18.cxd5 exf4 19.Bxf4 Bd6 20.Bxd6 Qxd6 21.b4 Nd7 22.Bb3 Qxb4
23.h3 Qd4+ 24.Kg2 Nc5 25.Rcd1 Qf6 26.Bc2 h6 27.Qd2 Rd6 28.Qf2 Qb2 29.Rd2 Qf6
30.Re1 b6 31.Bd1 Rcd8 32.Bf3 Na4 33.Qe2 Nc3 34.Qxa6 Nxd5 35.Bxd5 Rxd5 36.Rxd5 Rxd5
37.Qa8+ Rd8 38.Re8+  1/2-1/2

[Event "DSV-Turnier"]
[Site "Halle"]
[Date "1978.??.??"]
[Round "13"]
[White "Kholmov, Ratmir D"]
[Black "Boehlig, Heinz"]
[Result "1-0"]
[WhiteElo "2550"]
[BlackElo "2450"]

1.e4 c5 2.Nf3 e6 3.d4 cxd4 4.Nxd4 a6 5.Bd3 Bc5 6.Nb3 Ba7 7.O-O Nc6 8.c4 d6
9.Qe2 Nf6 10.Be3 Bxe3 11.Qxe3 O-O 12.Nc3 b6 13.f4 Qc7 14.Rac1 Nd7 15.Bb1 Bb7
16.Rfd1 Nc5 17.Nd2 Rfe8 18.a3 Rac8 19.b4 Nd7 20.Nf3 Nf8 21.Na4 b5 22.cxb5 axb5
23.Nc3 Ba6 24.Bd3 Qb8 25.Qe2 Qb6+ 26.Kh1 Rb8 27.e5 dxe5 28.fxe5 Red8 29.Ne4 Ng6
30.Neg5 Nd4 31.Nxd4 Rxd4 32.Bxg6 hxg6 33.Rf1 Rf8 34.Qf3 Qd8 35.Nxf7 Qe7 36.Qe3 Rg4
37.h3 Rc4 38.Nd6 Rxc1 39.Qxc1 Rxf1+ 40.Qxf1 Bb7 41.Qxb5 Bxg2+ 42.Kxg2 Qg5+
43.Kf3 Qh5+ 44.Kf2 Qh4+ 45.Ke2 Qh5+ 46.Kd2 Qg5+ 47.Kc2 Qg2+ 48.Kc3 Qxh3+
49.Qd3 Qh1 50.b5  1-0

[Event "Jakarta"]
[Site "Jakarta"]
[Date "1978.??.??"]
[Round "?"]
[White "Sharif, Mershad"]
[Black "Torre, Eugenio"]
[Result "1/2-1/2"]
[WhiteElo "2380"]
[BlackElo "2490"]

1.e4 c5 2.Nf3 e6 3.d4 cxd4 4.Nxd4 a6 5.Bd3 g6 6.O-O Bg7 7.c3 Nc6 8.Be3 Nf6
9.Nd2 O-O 10.Nxc6 bxc6 11.e5 Nd5 12.Bc5 Bxe5 13.Bxf8 Qxf8 14.Re1 Bg7 15.Bf1 Rb8
16.Nc4 Qc5 17.Qf3 f6 18.b4 Qf8 19.a3 f5 20.Rac1 Bh6 21.Rcd1 Bg7 22.Rc1 Bh6
23.Rc2 Bf4 24.Ne5 Qd6 25.Rce2 Bh6 26.g3 Nf6 27.Nc4 Qc7 28.Qd3 Bf8 29.Bg2 c5
30.Na5 Kf7 31.Nc4 Kg8  1/2-1/2

[Event "Kiev"]
[Site "Kiev"]
[Date "1978.??.??"]
[Round "6"]
[White "Kuzmin, Gennadi P"]
[Black "Velikov, Petar"]
[Result "0-1"]
[WhiteElo "2535"]
[BlackElo "2430"]

1.e4 c5 2.Nf3 e6 3.d4 cxd4 4.Nxd4 a6 5.Bd3 Bc5 6.Nb3 Ba7 7.O-O Nc6 8.Qe2 d6
9.Be3 Bxe3 10.Qxe3 Nf6 11.c4 O-O 12.Nc3 Ne5 13.Be2 Qc7 14.Rfd1 b6 15.Rac1 Bb7
16.Nd2 Rfd8 17.Nf3 Ng6 18.h3 Rac8 19.Bf1 Ba8 20.a3 Qb8 21.Qd4 Bc6 22.a4 Qb7
23.Re1 h6 24.Rcd1 Qc7 25.Rc1 Qb7 26.b4 Qb8 27.Rb1 Qc7 28.Rec1 Ba8 29.Qe3 Qb8
30.c5 dxc5 31.Bxa6 cxb4 32.Bxc8 bxc3 33.Rxc3 Bxe4 34.Rxb6 Rd1+ 35.Ne1 Rxe1+
36.Qxe1 Qxb6 37.Rc4 Bd5 38.Qb4 Qa7 39.Rc2 Ne5 40.a5 Nc6 41.Qb6 Qxa5  0-1

[Event "Leipzig ET17"]
[Site "Leipzig"]
[Date "1978.??.??"]
[Round "6"]
[White "Hennings, Artur"]
[Black "Heinig, Wolfram"]
[Result "1-0"]
[WhiteElo "2445"]
[BlackElo "2270"]

1.e4 c5 2.Nf3 e6 3.d4 cxd4 4.Nxd4 a6 5.Bd3 Bc5 6.Nb3 Ba7 7.Qe2 Nc6 8.Be3 Bxe3
9.Qxe3 Nge7 10.Nc3 d6 11.O-O-O e5 12.Bc4 b5 13.Bd5 b4 14.Ne2 Nxd5 15.Rxd5 Be6
16.Rd2 Qc7 17.Qd3 Rd8 18.f4 exf4 19.Nxf4 Bxb3 20.Qxb3 O-O 21.Qc4 Qa5 22.Rd5 Qb6
23.Qd3 Ne5 24.Qg3 Rc8 25.Rf1 Qc6 26.Rf2 Ng6 27.Nd3 Qc4 28.Qxd6 Qxe4 29.Rd4 Qe3+
30.Kd1 a5 31.Qd5 a4 32.Re4 Qh6 33.g3 b3 34.axb3 axb3 35.Qxb3 Qh5+ 36.Ke1 Ra8
37.Kf1 Ra1+ 38.Kg2 h6 39.c4 Rd1 40.g4 Nh4+ 41.Kh3 Rxd3+ 42.Qxd3 Qg5 43.Qd5 Rd8
44.Qxg5 hxg5 45.Re3 g6 46.c5 f5 47.gxf5 gxf5 48.Rg3  1-0

[Event "Lone Pine op"]
[Site "Lone Pine"]
[Date "1978.??.??"]
[Round "6"]
[White "Weinstein, Norman"]
[Black "Meyer, E."]
[Result "1/2-1/2"]
[WhiteElo "2475"]
[BlackElo "2350"]

1.e4 c5 2.Nf3 e6 3.d4 cxd4 4.Nxd4 a6 5.Bd3 Nf6 6.O-O Qc7 7.c4 d6 8.Nc3 g6
9.Be3 Bg7 10.Rc1 O-O 11.Re1 Nbd7 12.Bf1 b6 13.f3 Bb7 14.Qd2 Rac8 15.Kh1 Rfd8
16.Qf2 Qb8 17.Red1 Ne5 18.Na4 Ba8 19.Nb3 b5 20.Nb6 bxc4 21.Nxc8 Rxc8 22.Nd2 d5
23.exd5 exd5 24.Nb1 Neg4 25.fxg4 Nxg4 26.Qg1 Be5 27.h3 Bh2 28.Ba7 Bxg1 29.Bxb8 Be3
30.hxg4 Bxc1 31.Rxc1 Rxb8 32.Rc2 Kg7 33.Nd2 Re8 34.Kg1 h6 35.Kf2 Kf6 36.Be2 Bb7
37.Bf3 Re7 38.Nf1 a5 39.Ne3 Rd7 40.Rd2 Ke6 41.Nxc4 dxc4 42.Rxd7 Bxf3 43.Ra7 Bxg4
44.Rxa5 Kd6 45.Ke3 Be6 46.Kd4 Kc6 47.Re5 h5 48.Rxe6+ fxe6 49.Kxc4 g5 50.Kd4 h4
51.Ke5 Kc5 52.a4 Kb4 53.b3 Ka5 54.Ke4 Kb4 55.Ke5  1/2-1/2

[Event "Telechess ol1 7778"]
[Site "telex"]
[Date "1978.??.??"]
[Round "?"]
[White "Sigurjonsson, Gudmundur"]
[Black "Rantanen, Yrjo A"]
[Result "1-0"]
[WhiteElo "2520"]
[BlackElo "2400"]

1.e4 c5 2.Nf3 e6 3.d4 cxd4 4.Nxd4 a6 5.Bd3 Qc7 6.O-O Nf6 7.Qe2 d6 8.c4 g6
9.Nc3 Bg7 10.Be3 O-O 11.Rac1 Nc6 12.Rfd1 Re8 13.Nb3 Qb8 14.f3 Bd7 15.Qf2 Ne7
16.Bf1 Nc8 17.Nd4 Kh8 18.b4 b6 19.Nb3 Ra7 20.Kh1 Bc6 21.a4 Rd7 22.b5 axb5
23.axb5 Ba8 24.Na4 d5 25.exd5 exd5 26.Nxb6 Nxb6 27.Bxb6 dxc4 28.Bxc4 Qf4
29.Bf1 Rxd1 30.Rxd1 Qa4 31.Qc2 Nd5 32.Bd4 Bxd4 33.Nxd4 Qa3 34.Qb3 Qc5 35.Qb2 Kg8
36.Rc1  1-0

[Event "CAN-ch/zt"]
[Site "Toronto"]
[Date "1978.??.??"]
[Round "6"]
[White "Spraggett, Kevin"]
[Black "Lipnowski, Irvin"]
[Result "1/2-1/2"]
[WhiteElo "2450"]
[BlackElo "2390"]

1.e4 c5 2.Nf3 e6 3.d4 cxd4 4.Nxd4 a6 5.Bd3 Nc6 6.Nxc6 bxc6 7.O-O d5 8.c4 Nf6
9.Nc3 Be7 10.cxd5 cxd5 11.exd5 exd5 12.Qa4+ Bd7 13.Qd4 Be6 14.Bf4 O-O 15.Rac1 Qa5
16.Na4 Nd7 17.Bd2 Qd8 18.Rfe1 Bf6 19.Qf4 Qb8 20.Qxb8 Rfxb8 21.b3 a5 22.Rc7 Bd8
23.Rc6 Rc8 24.Rcc1 Rxc1 25.Rxc1 Ne5 26.Bf1 Rc8 27.Rxc8 Bxc8 28.Bb5 Bb7 29.Kf1 Nc6
30.Bc3 f6 31.Ke2 Kf7 32.Nc5 Ba8 33.Nd3 Bb6 34.Ba4 Bb7 35.f3 g5 36.Be1 Ke6
37.Kd2 Nb4 38.Nxb4 axb4 39.Bb5 Bc5 40.Bd3 h6 41.h4 f5  1/2-1/2

[Event "URS-ch U26"]
[Site "Vilnius"]
[Date "1978.??.??"]
[Round "3"]
[White "Gavrikov, Viktor"]
[Black "Rastenis, Gedeminas"]
[Result "1-0"]
[WhiteElo "2340"]
[BlackElo "2200"]

1.e4 c5 2.Nf3 e6 3.d4 cxd4 4.Nxd4 a6 5.Bd3 g6 6.O-O Bg7 7.Be3 Ne7 8.c4 d5
9.exd5 exd5 10.Nc3 O-O 11.Re1 Nd7 12.Bg5 Nf6 13.Qf3 Qb6 14.Nb3 dxc4 15.Bxc4 Nf5
16.Rad1 h6 17.Bf4 Bd7 18.Be5 Bc6 19.Qf4 Rfe8 20.Bc7 Qa7 21.Na5 h5 22.Nxc6 bxc6
23.Be5 Bh6 24.Qf3 Ng4 25.Bg3 Rxe1+ 26.Rxe1 Qd4 27.Qxc6 Nxg3 28.Qxa8+ Bf8
29.Qf3 Nf5 30.Bb3 Qd2 31.Rf1 Qxb2 32.Qd5 Qe2  1-0

[Event "URS-ch U26"]
[Site "Vilnius"]
[Date "1978.??.??"]
[Round "7"]
[White "Vladimirov, Evgeny"]
[Black "Agzamov, Georgy"]
[Result "1-0"]
[WhiteElo "2445"]
[BlackElo "2390"]

1.e4 c5 2.Nf3 e6 3.d4 cxd4 4.Nxd4 a6 5.Bd3 Nf6 6.O-O Qc7 7.Kh1 Be7 8.f4 d6
9.c4 Nc6 10.Nc2 Nd7 11.Nc3 Bf6 12.Be3 Bxc3 13.bxc3 b6 14.Bd4 O-O 15.Ne3 Nc5
16.Bc2 e5 17.Nd5 Qd8 18.Bxc5 bxc5 19.f5 f6 20.Ba4 Bb7 21.Rb1 Na5 22.Rf2 Kh8
23.Rfb2 Bxd5 24.Qxd5 Qc7 25.h3 Rab8 26.Rxb8 Rxb8 27.Rxb8+ Qxb8 28.Qe6 h6
29.Kh2 Qf8 30.Bd7 h5 31.Kg3 Qa8 32.Qf7 h4+ 33.Kf3 Qg8 34.Qxg8+ Kxg8 35.Be6+ Kh7
36.Bd5 g5 37.fxg6+ Kxg6 38.Kg4 f5+ 39.exf5+ Kf6 40.Kxh4 Kxf5 41.Kg3  1-0

[Event "URS-ch U26"]
[Site "Vilnius"]
[Date "1978.??.??"]
[Round "7"]
[White "Psakhis, Lev"]
[Black "Rastenis, Gedeminas"]
[Result "1/2-1/2"]
[WhiteElo "2480"]
[BlackElo "2200"]

1.e4 c5 2.Nf3 e6 3.d4 cxd4 4.Nxd4 a6 5.Bd3 g6 6.O-O Bg7 7.c3 Qc7 8.Bg5 d6
9.Nd2 Nf6 10.f4 h6 11.Bxf6 Bxf6 12.f5 gxf5 13.Qh5 Qc5 14.Kh1 f4 15.e5 Qxe5
16.Nf5 d5 17.Rae1 Qc7 18.Nxh6 Nc6 19.Nf3 Qe7 20.g4 fxg3 21.Nd4 Nxd4 22.cxd4 Bd7
23.Rf4 O-O-O 24.Ref1 Rxh6 25.Qxh6 Bg5 26.Rxf7 Qxf7 27.Qxg5 Qg8 28.Qxg3 Qxg3
29.hxg3 Rg8 30.Kg2 Rg4 31.Rf4 Rxf4 32.gxf4 Kd8 33.Kf3 Ke7 34.Ke3 Kf6 35.Kd2 Be8
36.Kc3 Bg6 37.Bf1 a5 38.b4 b6 39.a3 Be8 40.Kd2 Bd7 41.Ke3 Ba4 42.Bh3  1/2-1/2

[Event "IBM-B"]
[Site "Amsterdam"]
[Date "1979.??.??"]
[Round "7"]
[White "Van der Sterren, Paul"]
[Black "Shamkovich, Leonid"]
[Result "1/2-1/2"]
[WhiteElo "2400"]
[BlackElo "2495"]

1.e4 c5 2.Nf3 e6 3.d4 cxd4 4.Nxd4 a6 5.Bd3 Nf6 6.O-O d6 7.Be3 Be7 8.c4 O-O
9.Nc3 b6 10.f3 Bb7 11.Qd2 Nbd7 12.Rfd1 Rc8 13.Bf1 Re8 14.Rac1 Qc7 15.Kh1 Qb8
16.b3 Bf8 17.Bf2 Nc5 18.Rc2 Rcd8 19.Bg3 Qa8 20.h3 d5 21.exd5 exd5 22.Bc7 Rd7
23.Bxb6 dxc4 24.Bxc4 Qb8 25.Qf2 Ba8 26.Bxc5 Bxc5 27.Nce2 Qb6 28.Rcd2 Red8
29.Qg3 Bd6 30.Qh4 Be5 31.Rd3 g6 32.Nc2 Rxd3 33.Rxd3 Rxd3 34.Bxd3 Kg7 35.b4 Bd5
36.Bc4 Bxc4 37.Qxc4 Qf2 38.f4 Bb8 39.Qd3 Qf1+ 40.Kh2 Bxf4+ 41.Nxf4 Qxf4+
42.Kg1 Ne4 43.Qd4+ Kh6 44.Ne1 f5 45.Nf3 Qc1+ 46.Kh2 Qf4+  1/2-1/2

[Event "Konex"]
[Site "Buenos Aires"]
[Date "1979.??.??"]
[Round "11"]
[White "Ljubojevic, Ljubomir"]
[Black "Najdorf, Miguel"]
[Result "1-0"]
[WhiteElo "2590"]
[BlackElo "2515"]

1.e4 c5 2.Nf3 e6 3.d4 cxd4 4.Nxd4 a6 5.Bd3 Qc7 6.O-O Nc6 7.Be3 Nf6 8.Nc3 Ne5
9.Nf3 d6 10.a4 b6 11.Nd2 Bb7 12.Be2 d5 13.f4 Bc5 14.Bxc5 Qxc5+ 15.Kh1 Ng6
16.e5 Nd7 17.Nb3 Qe7 18.Nd4 O-O 19.Bd3 Nc5 20.Nce2 Ne4 21.c3 f6 22.Bxe4 dxe4
23.Qb3 Bd5 24.c4 fxe5 25.cxd5 exd4 26.Nxd4 exd5 27.Qxd5+ Qf7 28.Ne6 e3 29.Rae1 Rac8
30.Qe4 Rfe8 31.f5 Ne7 32.Ng5 Qd5 33.Qxe3 h6 34.f6  1-0

[Event "Kecskemet"]
[Site "Kecskemet"]
[Date "1979.??.??"]
[Round "10"]
[White "Janetschek, Karl"]
[Black "Lovass, Imre"]
[Result "1-0"]
[WhiteElo "2320"]
[BlackElo "2200"]

1.e4 c5 2.Nf3 e6 3.d4 cxd4 4.Nxd4 a6 5.Bd3 Nc6 6.Nb3 Nf6 7.f4 h5 8.Qf3 Qc7
9.Nc3 b5 10.e5 b4 11.Na4 Nd5 12.Be4 Nce7 13.f5 Qxe5 14.O-O exf5 15.Bxd5 Qxd5
16.Qf2 Qc6 17.Nb6 Rb8 18.Be3 Rxb6 19.Bxb6 Rh6 20.Bc5 Rg6 21.Rae1 Bb7 22.Re2 Qb5
23.Qe1 Be4 24.Qxb4 Nc6 25.Qxb5 axb5 26.Rxf5 Rxg2+ 27.Rxg2 Bxf5 28.Re2+ Be6
29.Bxf8 Kxf8 30.Nc5 g5 31.a4 bxa4 32.Nxe6+ fxe6 33.Re4 Ke7 34.Rxa4 Kd6 35.Kf2 e5
36.Ra8 Nd4 37.c3 Ne6 38.Rc8 Nc7 39.Ke3  1-0

[Event "BKL-Turnier"]
[Site "Leipzig"]
[Date "1979.??.??"]
[Round "1"]
[White "Boensch, Uwe"]
[Black "Heinig, Wolfram"]
[Result "1/2-1/2"]
[WhiteElo "2460"]
[BlackElo "2300"]

1.e4 c5 2.Nf3 e6 3.d4 cxd4 4.Nxd4 a6 5.Bd3 Nf6 6.O-O d6 7.c4 Be7 8.Nc3 O-O
9.Be3 Nc6 10.Be2 Bd7 11.Rc1 b5 12.cxb5 Nxd4 13.Qxd4 axb5 14.Bxb5 Bxb5 15.Nxb5 Rxa2
16.Na7 e5 17.Qb4 Qd7 18.Nc6 Rfa8 19.Nxe7+ Qxe7 20.f3 Qf8 21.Rc7 d5 22.Qxf8+ Rxf8
23.Bc5 Rd8 24.Be7 Re8 25.Ba3 dxe4 26.fxe4 Nxe4 27.Rcxf7 Nf6 28.Rb7 h5 29.Rc1 e4
30.Kf2 Kh7 31.Ke2 h4 32.Rcc7 Rg8 33.Rc6 Kg6  1/2-1/2

[Event "BKL-Turnier"]
[Site "Leipzig"]
[Date "1979.??.??"]
[Round "6"]
[White "Boensch, Uwe"]
[Black "Hesse, Peter"]
[Result "1-0"]
[WhiteElo "2460"]
[BlackElo "2420"]

1.e4 c5 2.Nf3 e6 3.d4 cxd4 4.Nxd4 a6 5.Bd3 Nf6 6.O-O d6 7.c4 Be7 8.Nc3 Nbd7
9.Be3 Ne5 10.Be2 Bd7 11.f4 Nc6 12.Qe1 Nxd4 13.Bxd4 Bc6 14.Bd3 e5 15.Be3 Ng4
16.f5 Nxe3 17.Qxe3 Bg5 18.Qf2 a5 19.Rad1 O-O 20.Bc2 a4 21.a3 Qc7 22.Kh1 Rfd8
23.Rd3 Bf6 24.Rfd1 h6 25.Bb1 Kf8 26.Ba2 Ra5 27.h3 b6 28.Qc2 Raa8 29.Qe2 Ra5
30.Rc1 Rc5 31.Rcd1 Be7 32.Qh5 Qb7 33.Re1 Bf6 34.Kh2 Kg8 35.Rg3 Kf8 36.Rd3 Bg5
37.h4 Be7 38.Rf3 Bf6 39.g4 Ke8 40.g5 hxg5 41.hxg5 Be7 42.f6 g6 43.Qh7 Bf8
44.Kg3 Bd7 45.Qg8 Be6 46.Nxa4 Rxc4 47.Bxc4 Bxc4 48.Rc3 Be6 49.Rh1 Kd7 50.Rh7 Be7
51.Rxf7 Bxf7 52.Qxf7 Re8 53.Qxg6  1-0

[Event "Lodz"]
[Site "Lodz"]
[Date "1979.??.??"]
[Round "8"]
[White "Boensch, Uwe"]
[Black "Schinzel, Wladyslaw"]
[Result "0-1"]
[WhiteElo "2460"]
[BlackElo "2400"]

1.e4 c5 2.Nf3 e6 3.d4 cxd4 4.Nxd4 a6 5.Bd3 g6 6.O-O Bg7 7.Be3 Ne7 8.c4 Nbc6
9.Be2 d6 10.Nc3 O-O 11.Qd2 Qc7 12.Rac1 Rd8 13.Rfd1 Nxd4 14.Bxd4 Bxd4 15.Qxd4 Nc6
16.Qf6 Bd7 17.Rd2 Be8 18.Rcd1 Rd7 19.a3 Na5 20.h4 Nb3 21.Rd3 Qd8 22.Qf4 e5
23.Qh6 Nd4 24.Bf1 f5 25.h5 Bf7 26.hxg6 Bxg6 27.Rh3 fxe4 28.c5 d5 29.Nxd5 Rxd5
30.Bc4 Qd7 31.Rg3 Rd8 32.Rg5 Qg7 33.Qh4 Kh8 34.Bxd5 Rxd5 35.Kh2 Nf3+ 36.gxf3 Rxd1
37.fxe4  0-1

[Event "Lone Pine op"]
[Site "Lone Pine"]
[Date "1979.??.??"]
[Round "4"]
[White "Liberzon, Vladimir M"]
[Black "Gheorghiu, Florin"]
[Result "1/2-1/2"]
[WhiteElo "2515"]
[BlackElo "2540"]

1.e4 c5 2.Nf3 e6 3.d4 cxd4 4.Nxd4 a6 5.Bd3 Nf6 6.O-O d6 7.Qe2 g6 8.c3 Bg7
9.Bg5 Nbd7 10.f4 h6 11.Bh4 e5 12.fxe5 dxe5 13.Nb3  1/2-1/2